[Event "Hastings Masters"]
[Site "Hastings"]
[Date "2007.12.30"]
[Round "3.25"]
[White "Goodger, Martyn"]
[Black "Eames, Robert"]
[Result "1-0"]
[WhiteElo "2067"]
[BlackElo "2304"]
[PlyCount "75"]
[EventDate "2007.12.28"]
[SourceDate "2007.12.28"]

1. e4 c5 2. Nf3 Nc6 3. Bb5 g6 4. c3 Nf6 5. e5 Nd5 6. O-O Bg7 7. d4 cxd4 8. cxd4
O-O 9. Nc3 Nxc3 10. bxc3 d6 11. Re1 Bg4 12. exd6 exd6 13. h3 Bf5 14. Bxc6 bxc6
15. Qa4 c5 16. Bf4 Qb6 17. Qa3 Rfd8 18. Rad1 c4 19. Re2 Rab8 20. Rdd2 Bd3 21.
Rb2 Bxe2 22. Rxb6 axb6 23. Bxd6 Ra8 24. Qb4 Bxf3 25. gxf3 b5 26. Bc5 Rdb8 27.
a3 Ra4 28. Qb2 Bf8 29. Bxf8 Kxf8 30. Kf1 Rb6 31. Ke1 Ke7 32. Kd1 Kd6 33. Qe2 f6
34. Qe8 Ra7 35. Qd8+ Kc6 36. Qc8+ Rc7 37. d5+ Kd6 38. Qd8+ 1-0

[Event "Hastings Masters"]
[Site "Hastings"]
[Date "2007.12.30"]
[Round "3.31"]
[White "Hasan, Mehdi"]
[Black "Salimbeni, George"]
[Result "1-0"]
[WhiteElo "2287"]
[BlackElo "2058"]
[PlyCount "91"]
[EventDate "2007.12.28"]
[SourceDate "2007.12.28"]

1. e4 e5 2. Nf3 Nc6 3. Bc4 Bc5 4. c3 Nf6 5. d3 d6 6. Nbd2 a6 7. Bb3 Ba7 8. Nf1
O-O 9. Ng3 h6 10. O-O d5 11. Qe2 Re8 12. h3 Na5 13. Bc2 c5 14. exd5 Qxd5 15.
Re1 Nc6 16. Bb3 Qd6 17. Nh4 Na5 18. Nhf5 Bxf5 19. Nxf5 Qd7 20. Qf3 Nxb3 21.
Nxh6+ Kh7 22. axb3 gxh6 23. Qxf6 Qe6 24. Qf3 Rab8 25. Ra4 Rg8 26. Qe4+ Rg6 27.
Qxe5 Qxh3 28. Qh2 Rxg2+ 29. Qxg2 Rg8 30. Qxg8+ Kxg8 31. Rae4 Qxd3 32. R4e3 Qd6
33. Rg3+ Kh7 34. Rh3 Qg6+ 35. Kh1 h5 {(=)} 36. Re5 Qb1 37. Rhxh5+ Kg6 38. Rh6+
Kg7 39. Re1 Qf5 40. Rh2 Bb8 41. Rg2+ Kh7 42. Kg1 Bf4 43. Bxf4 Qxf4 44. Rg3 Qf5
45. c4 b5 46. Kg2 1-0

[Event "Hastings Masters"]
[Site "Hastings"]
[Date "2007.12.30"]
[Round "3.27"]
[White "Wilson, Alexandra"]
[Black "Formanek, Edward W"]
[Result "1/2-1/2"]
[WhiteElo "2061"]
[BlackElo "2276"]
[PlyCount "102"]
[EventDate "2007.12.28"]
[SourceDate "2007.12.28"]

1. e4 e6 2. d4 d5 3. Nc3 Bb4 4. e5 Ne7 5. a3 Bxc3+ 6. bxc3 b6 7. Qg4 Ng6 8. h4
h5 9. Qg3 Ba6 10. Bd3 Bxd3 11. cxd3 c5 12. dxc5 Qc7 13. d4 bxc5 14. Ne2 Nc6 15.
O-O Nce7 16. Bg5 Nf5 17. Qh3 Rb8 18. Rab1 c4 19. Ng3 Nge7 20. Bxe7 Nxe7 21. Ne2
O-O 22. Nf4 g6 23. Kh2 Nf5 24. g4 hxg4 25. Qxg4 Qe7 26. h5 Qh4+ 27. Qxh4 Nxh4
28. hxg6 Nxg6 29. Nh5 Rb3 30. Rxb3 cxb3 31. Rb1 Rb8 32. Nf6+ Kg7 33. Nd7 Rb5
34. a4 Rb7 35. Nc5 Rc7 36. Rxb3 Nxe5 37. Na6 Nf3+ 38. Kg3 Nd2 39. Nxc7 Nxb3 40.
Kf4 Nd2 41. a5 a6 42. Nxa6 {(=)} Nc4 43. Nc5 Nxa5 44. Nd3 Nc4 45. Nc5 Kf6 46.
Nd7+ Ke7 47. Nc5 Nb2 48. Kf3 Kf6 49. Nd7+ Kf5 50. Nb6 Kg5 51. Kg3 Kf5 1/2-1/2

[Event "Hastings Masters"]
[Site "Hastings"]
[Date "2007.12.30"]
[Round "3.28"]
[White "Calvert, David Ian"]
[Black "Ledger, David"]
[Result "0-1"]
[WhiteElo "2058"]
[BlackElo "2266"]
[PlyCount "76"]
[EventDate "2007.12.28"]
[SourceDate "2007.12.28"]

1. b3 e5 2. Bb2 Nc6 3. e3 Nf6 4. Nf3 e4 5. Nd4 Nxd4 6. Bxd4 d5 7. c4 dxc4 8.
Bxc4 c6 9. Nc3 Bf5 10. O-O Be7 11. f3 exf3 12. Qxf3 Bg6 13. Bxf6 Bxf6 14. Ne4
Bxa1 15. Bxf7+ Ke7 16. Bxg6 Rf8 17. Qxf8+ Qxf8 18. Rxf8 Rxf8 19. Bxh7 Bb2 20.
Bg6 Bc1 21. h4 Rd8 22. Kf2 Bxd2 23. g4 Bb4 24. Ke2 Ke6 25. h5 Rd5 26. g5 Bf8
27. Bh7 Ra5 28. a4 Ke5 29. Nd2 Rc5 30. Kf3 b5 31. axb5 cxb5 32. Kg4 a5 33. Nf3+
Kd6 34. Nd4 a4 35. bxa4 bxa4 36. Nf5+ Ke5 37. h6 gxh6 38. gxh6 Rc4+ 0-1

[Event "Hastings Masters"]
[Site "Hastings"]
[Date "2007.12.30"]
[Round "3.29"]
[White "Adair, James"]
[Black "Grant, Alan"]
[Result "0-1"]
[WhiteElo "2044"]
[BlackElo "2251"]
[PlyCount "108"]
[EventDate "2007.12.28"]
[SourceDate "2007.12.28"]

1. e4 c5 2. Nc3 d6 3. g3 Nc6 4. Bg2 g6 5. d3 Bg7 6. Be3 e5 7. Qd2 Nge7 8. f4
O-O 9. Nf3 Nd4 10. O-O f6 11. Rf2 Be6 12. Raf1 Qd7 13. Nh4 Rac8 14. Nd1 b6 15.
c3 Ndc6 16. c4 Nd4 17. Nc3 Kh8 18. fxe5 dxe5 19. Nd5 Nxd5 20. exd5 Bh3 21. Bh6
Bxg2 22. Kxg2 Bxh6 23. Qxh6 Qg7 24. Qxg7+ Kxg7 25. g4 b5 26. Nf3 bxc4 27. dxc4
Rce8 28. Re1 Nxf3 29. Kxf3 f5 30. gxf5 gxf5 31. Rg2+ Kf6 32. Reg1 a5 33. Rg7
Rf7 34. Rxf7+ Kxf7 35. Rc1 {(=)} Rd8 36. Ke3 Rd6 37. Rf1 Rf6 38. Rf2 a4 39. b3
a3 40. Kd3 Ke7 41. b4 cxb4 42. c5 Kd7 43. Kc4 e4 44. Kd4 Rf8 45. Rf1 Kc7 46. h4
{(=)} f4 47. Kxe4 f3 48. Kd3 f2 49. Kc4 Rf4+ 50. Kd3 b3 51. axb3 a2 52. Ke2
Re4+ 53. Kd2 Re1 54. d6+ Kc6 0-1

[Event "Hastings Masters"]
[Site "Hastings"]
[Date "2007.12.30"]
[Round "3.30"]
[White "Kwiatkowski, Feliks J"]
[Black "Raddatz, Michael"]
[Result "1-0"]
[WhiteElo "2237"]
[BlackElo "2037"]
[PlyCount "93"]
[EventDate "2007.12.28"]
[SourceDate "2007.12.28"]

1. e4 c5 2. Nf3 a6 3. c3 d5 4. exd5 Qxd5 5. d4 e6 6. Bd3 Nf6 7. O-O Nc6 8. Re1
cxd4 9. cxd4 Be7 10. Nc3 Qh5 11. Be2 Qa5 12. Ne5 Nb4 13. Bd2 O-O 14. Bf3 Qd8
15. Bf4 Nbd5 16. Bg3 Bb4 17. Qb3 Ba5 18. Red1 Re8 19. Bh4 Bxc3 20. bxc3 Qc7 21.
Rac1 b5 22. Bg3 Ra7 23. c4 bxc4 24. Nxc4 Qd7 25. Nd6 Rf8 26. Qb8 Rc7 27. Rxc7
Nxc7 28. Rc1 Nb5 29. Rxc8 Rxc8 30. Qxc8+ Qxc8 31. Nxc8 Nxd4 32. Bb7 a5 33. Be5
Ne2+ 34. Kf1 Nc1 35. a4 Nd7 36. Bc7 Nc5 37. Bc6 N1b3 38. Bb5 f5 39. Nd6 Kf8 40.
Nc4 g5 41. Bd6+ Kf7 42. Bxc5 Nxc5 43. Nxa5 h5 44. Nc6 h4 45. a5 Kf6 46. a6 Nd7
47. Nb8 1-0

[Event "Hastings Masters"]
[Site "Hastings"]
[Date "2007.12.30"]
[Round "3.31"]
[White "Garnett, John S"]
[Black "Lock, Gavin R"]
[Result "0-1"]
[WhiteElo "2032"]
[BlackElo "2215"]
[PlyCount "64"]
[EventDate "2007.12.28"]
[SourceDate "2007.12.28"]

1. d4 d5 2. Nf3 Nf6 3. e3 c5 4. b3 e6 5. Bb2 Nc6 6. Bd3 Bd6 7. O-O O-O 8. Nbd2
b6 9. a3 Bb7 10. Ne5 Ne7 11. Qf3 Qc7 12. Qh3 Ng6 13. f4 cxd4 14. exd4 Ne4 15.
Nxe4 dxe4 16. Bc4 Bd5 17. Bxd5 exd5 18. Rac1 b5 19. c4 bxc4 20. bxc4 dxc4 21.
Rxc4 Qb6 22. Nxg6 hxg6 23. Bc1 Qa6 24. Rc3 Rac8 25. f5 Rxc3 26. Qxc3 gxf5 27.
Rxf5 Rc8 28. Qe3 Qd3 29. a4 Qd1+ 30. Rf1 Bxh2+ 31. Kxh2 Qxf1 32. Ba3 Qd3 0-1

[Event "Hastings Masters"]
[Site "Hastings"]
[Date "2007.12.30"]
[Round "3.32"]
[White "Heinis, Vincent"]
[Black "Gibson, Christopher A"]
[Result "1/2-1/2"]
[WhiteElo "2202"]
[BlackElo "2032"]
[PlyCount "55"]
[EventDate "2007.12.28"]
[SourceDate "2007.12.28"]

1. d4 Nf6 2. Nf3 e6 3. c4 b6 4. g3 Ba6 5. Qc2 Bb4+ 6. Bd2 Bxd2+ 7. Nbxd2 d5 8.
cxd5 exd5 9. Rc1 c6 10. e4 Bxf1 11. Kxf1 dxe4 12. Nxe4 O-O 13. Kg2 a5 14. Rhd1
Ra7 15. Nxf6+ Qxf6 16. Qc3 Re7 17. d5 Qxc3 18. Rxc3 cxd5 19. Rxd5 Re2 20. Rb3
Na6 21. Rxb6 Nb4 22. Rd7 Nxa2 23. Rbb7 Nb4 24. Ng5 Rxb2 25. Nxf7 Nd3 26. Nh6+
Kh8 27. Nf7+ Kg8 28. Nh6+ 1/2-1/2

[Event "Hastings Masters"]
[Site "Hastings"]
[Date "2007.12.30"]
[Round "3.33"]
[White "Andersen, Daniel"]
[Black "Huizer, Mark"]
[Result "1/2-1/2"]
[WhiteElo "2013"]
[BlackElo "2201"]
[PlyCount "72"]
[EventDate "2007.12.28"]
[SourceDate "2007.12.28"]

1. c4 Nf6 2. Nc3 d5 3. cxd5 Nxd5 4. g3 g6 5. Bg2 Nb6 6. d3 Bg7 7. Be3 Nc6 8.
Nf3 O-O 9. Qd2 e5 10. Bh6 Qe7 11. h4 f6 12. Bxg7 Kxg7 13. O-O Bg4 14. Rac1 Rad8
15. Qd1 Nd4 16. Nh2 Bc8 17. Nf3 c6 18. Nxd4 Rxd4 19. a3 f5 20. Qc2 g5 21. hxg5
Qxg5 22. b4 a6 23. e3 Rd6 24. Ne2 Rh6 25. f4 exf4 26. exf4 Qe7 27. Qd2 Re8 28.
Kf2 Rd6 29. Rfe1 Qf6 30. Qc3 Nd5 31. Bxd5 Rxd5 32. Qxf6+ Kxf6 33. d4 Be6 34.
Rc5 Red8 35. Rxd5 Bxd5 36. Rd1 Bc4 1/2-1/2

[Event "Hastings Masters"]
[Site "Hastings"]
[Date "2007.12.30"]
[Round "3.34"]
[White "Rayner, Francis"]
[Black "Franklin, Samuel"]
[Result "0-1"]
[WhiteElo "2201"]
[BlackElo "1917"]
[PlyCount "64"]
[EventDate "2007.12.28"]
[SourceDate "2007.12.28"]

1. e4 c5 2. Nf3 d6 3. c3 Nf6 4. Bd3 g6 5. Bc2 Bg7 6. O-O Nc6 7. h3 e5 8. d4 O-O
9. d5 Ne7 10. a4 Nh5 11. Na3 f5 12. exf5 Nxf5 13. Ng5 Bh6 14. Ne6 Bxe6 15. Bxh6
Nxh6 16. dxe6 Nf4 17. g3 Nxh3+ 18. Kg2 Nf4+ 19. gxf4 Rxf4 20. f3 Qg5+ 21. Kf2
Ng4+ 22. Ke1 Ne3 23. Qxd6 Nxf1 24. Bb3 Qg3+ 25. Kd1 Ne3+ 26. Kd2 Qf2+ 27. Kd3
c4+ 28. Nxc4 Nxc4 29. Bxc4 Rxf3+ 30. Ke4 Re3+ 31. Kd5 Qd2+ 32. Kc5 Rc8+ 0-1

[Event "Hastings Masters"]
[Site "Hastings"]
[Date "2007.12.30"]
[Round "3.35"]
[White "Cafferty, Bernard"]
[Black "Cumming, Rhys"]
[Result "1/2-1/2"]
[WhiteElo "2192"]
[BlackElo "1845"]
[PlyCount "38"]
[EventDate "2007.12.28"]
[SourceDate "2007.12.28"]

1. Nf3 e6 2. c4 Nf6 3. b3 d5 4. Bb2 c5 5. e3 Be7 6. cxd5 exd5 7. Bb5+ Bd7 8.
Be2 Nc6 9. O-O O-O 10. d4 Ne4 11. Nc3 Be6 12. Rc1 cxd4 13. Nxd4 Nxd4 14. Qxd4
Bc5 15. Qa4 Nxc3 16. Bxc3 Qe7 17. Rfd1 Rfd8 18. Bb2 a6 19. Qf4 f6 1/2-1/2

[Event "Hastings Masters"]
[Site "Hastings"]
[Date "2007.12.30"]
[Round "3.36"]
[White "Henrichsen, Jens"]
[Black "Gurbanzade, Erkin"]
[Result "0-1"]
[WhiteElo "1982"]
[BlackElo "2179"]
[PlyCount "96"]
[EventDate "2007.12.28"]
[SourceDate "2007.12.28"]

1. d4 Nf6 2. c4 g6 3. Nc3 Bg7 4. e4 d6 5. f3 O-O 6. Be3 Nbd7 7. Qd2 c5 8. Nge2
Re8 9. Rd1 cxd4 10. Nxd4 a6 11. Be2 Ne5 12. O-O Bd7 13. Rc1 Rc8 14. Nd5 Bc6 15.
Nxc6 Rxc6 16. Nb4 Rc8 17. Nd5 Nfd7 18. b3 Nc5 19. Rfd1 Nc6 20. Bf1 e5 21. b4
Ne6 22. Nb6 Rb8 23. Nd5 Ncd4 24. Qf2 f5 25. exf5 Nxf5 26. Bb6 Qg5 27. Nc3 Ned4
28. Ne4 Qe7 29. c5 Rbc8 30. Nxd6 Nxd6 31. cxd6 Qxd6 32. Bc5 Qf6 33. Bc4+ Kh8
34. f4 Rxc5 35. bxc5 exf4 36. Re1 Rf8 37. Rcd1 g5 38. Re4 Nf5 39. Re6 Qc3 40.
Re4 Ne3 41. Qd2 Nxd1 42. Qxd1 g4 43. c6 bxc6 44. Bxa6 c5 45. Qe1 Qf6 46. Bc4 f3
47. gxf3 gxf3 48. Qf2 Qg6+ 0-1

[Event "Hastings Masters"]
[Site "Hastings"]
[Date "2007.12.30"]
[Round "3.37"]
[White "Mansson, James"]
[Black "McClement, Andrew"]
[Result "1-0"]
[WhiteElo "2161"]
[BlackElo "1594"]
[PlyCount "71"]
[EventDate "2007.12.28"]
[SourceDate "2007.12.28"]

1. Nf3 Nf6 2. c4 e6 3. Nc3 d5 4. d4 c6 5. Bg5 dxc4 6. e4 b5 7. e5 h6 8. Bh4 g5
9. Nxg5 hxg5 10. Bxg5 Nbd7 11. g3 Bb7 12. Bg2 Qb6 13. exf6 O-O-O 14. O-O Bh6
15. h4 Bxg5 16. hxg5 Ne5 17. dxe5 Rxd1 18. Raxd1 Qc7 19. Ne4 Kb8 20. Rd6 c5 21.
Rfd1 Ba8 22. Rd7 Qxe5 23. Rd8+ Kc7 24. R1d7+ Kb6 25. Rxh8 Bxe4 26. f4 Qf5 27.
Bh3 Qg6 28. Rh6 Qg8 29. Bxe6 fxe6 30. f7 Qa8 31. Rxe6+ Ka5 32. Re8 Qc6 33.
Rxa7+ Kb4 34. f8=Q Bh1 35. Re2 Bf3 36. Qg7 1-0

[Event "Hastings Masters"]
[Site "Hastings"]
[Date "2007.12.30"]
[Round "3.38"]
[White "Uche, Enyi"]
[Black "Dickson, George A"]
[Result "0-1"]
[WhiteElo "1000"]
[BlackElo "2160"]
[PlyCount "98"]
[EventDate "2007.12.28"]
[SourceDate "2007.12.28"]

1. e4 e5 2. Nf3 Nc6 3. Bb5 a6 4. Bxc6 dxc6 5. O-O Bg4 6. Re1 Qf6 7. d3 Bxf3 8.
Qxf3 Qxf3 9. gxf3 O-O-O 10. f4 exf4 11. Bxf4 Ne7 12. Be3 g5 13. f4 gxf4 14.
Bxf4 Bg7 15. Nc3 Bd4+ 16. Be3 Rhg8+ 17. Kh1 c5 18. Bxd4 cxd4 19. Ne2 Nc6 20. a3
Ne5 21. Ng3 Rg5 22. Nf5 Ng4 23. Re2 Ne5 24. Rf1 Kb8 25. Rg1 Rxg1+ 26. Kxg1 c5
27. Rg2 c4 28. Kf1 cxd3 29. cxd3 Nxd3 30. Rd2 Nc5 31. Nxd4 Re8 32. Re2 Rxe4 33.
Rxe4 Nxe4 34. Ke2 Kc7 35. Ke3 Nc5 36. Nf3 f6 37. Nh4 Kd6 38. b4 Nd7 39. Kd4 Ke6
40. Ng2 Ne5 41. Kc5 b5 42. Nf4+ Kf5 43. Nd5 Nc4 44. Nc7 Nxa3 45. Nxa6 Ke4 46.
Nc7 f5 47. Nd5 f4 48. Nc3+ Kd3 49. Nd1 f3 {White's mobile phone went off} 0-1

[Event "Hastings Masters"]
[Site "Hastings"]
[Date "2007.12.30"]
[Round "3.39"]
[White "Pickersgill, Adrian"]
[Black "Hagesaether, Arne"]
[Result "1/2-1/2"]
[WhiteElo "2088"]
[BlackElo "2153"]
[PlyCount "120"]
[EventDate "2007.12.28"]
[SourceDate "2007.12.28"]

1. e4 c6 2. d4 d5 3. f3 Nf6 4. Nc3 dxe4 5. fxe4 e5 6. Nf3 exd4 7. Qxd4 Qxd4 8.
Nxd4 Bb4 9. Bd3 O-O 10. O-O Bc5 11. Nce2 Bg4 12. Kh1 Re8 13. Nb3 Nbd7 14. Ng3
Bd6 15. Bf4 Ne5 16. h3 Nh5 17. Nxh5 Bxh5 18. Nd4 Nxd3 19. Bxd6 Rad8 20. Nf5
Nxb2 21. Rab1 Nc4 22. Bc7 Rd7 23. Rxb7 Nd2 24. Re1 Rc8 25. Rb8 Rxb8 26. Bxb8 {
(=)} Nc4 27. Bf4 f6 28. Rb1 Bd1 29. Nd6 g5 30. Bh2 Ne3 31. e5 Bxc2 32. Rb8+ Kg7
33. e6 Re7 34. Rb7 Kf8 35. Rb8+ Kg7 36. Re8 Nd5 37. Rxe7+ Nxe7 38. Bg1 Bb1 39.
Bxa7 Bxa2 40. Bd4 Bxe6 41. Ne8+ Kg6 42. Nxf6 Nf5 43. Bb2 Nd6 44. Kg1 h6 45. Kf2
c5 46. g4 c4 47. Ke3 Nb5 48. Ne4 Bd5 49. Nf2 Bg2 50. Be5 Bf1 51. Kd2 Na7 52.
Bc3 Nc6 53. Ke1 Bg2 54. Ke2 Ne7 55. Be5 Nd5 56. Kd2 Nb4 57. Bg3 Bd5 58. h4 gxh4
59. Bxh4 Na2 60. Be7 Kf7 1/2-1/2

[Event "Hastings Masters"]
[Site "Hastings"]
[Date "2007.12.30"]
[Round "3.40"]
[White "Afek, Yochanan"]
[Black "Jain, Akash"]
[Result "1-0"]
[WhiteElo "2349"]
[BlackElo "2000"]
[PlyCount "59"]
[EventDate "2007.12.28"]
[SourceDate "2007.12.28"]

1. e4 c5 2. Nf3 e6 3. c3 Nf6 4. e5 Nd5 5. d4 cxd4 6. cxd4 d6 7. Bc4 Nc6 8. O-O
Be7 9. Qe2 O-O 10. Nc3 dxe5 11. dxe5 Nxc3 12. bxc3 Qa5 13. Qe4 Qa4 14. Bg5 h6
15. Bxe7 Nxe7 16. Rfd1 Qc6 17. Qe2 Qc7 18. Bd3 g6 19. h4 h5 20. Qe3 Kg7 21. c4
b6 22. Qg5 Bb7 23. Qf6+ Kg8 24. Ng5 Rad8 25. Bc2 Rxd1+ 26. Rxd1 Nd5 {(=)} 27.
Nxe6 fxe6 28. Qxg6+ Qg7 29. Qxe6+ Qf7 30. Qxf7+ 1-0

[Event "Hastings Masters"]
[Site "Hastings"]
[Date "2007.12.30"]
[Round "3.41"]
[White "Furman, Boris"]
[Black "Cohen, Ronnie"]
[Result "1/2-1/2"]
[WhiteElo "2264"]
[BlackElo "1973"]
[PlyCount "70"]
[EventDate "2007.12.28"]
[SourceDate "2007.12.28"]

1. d4 Nf6 2. c4 g6 3. Nc3 Bg7 4. Bg5 h6 5. Bh4 d6 6. e3 O-O 7. Be2 c5 8. d5 Na6
9. Nf3 Nc7 10. Nd2 Rb8 11. a4 a5 12. O-O Na6 13. f4 Nh7 14. Bd3 Nb4 15. Bb1 Qe8
16. g4 f5 17. gxf5 Bxf5 18. Nde4 Nf6 19. Qe2 Nxe4 20. Nxe4 Qf7 21. Qg2 Kh8 22.
Be1 b6 23. Rf3 Rbd8 24. Bc3 e6 25. Ng5 hxg5 26. e4 g4 27. exf5 exf5 28. Rg3 Qe7
29. h3 Rde8 30. Bxb4 axb4 31. Bd3 Bd4+ 32. Kf1 Qf6 33. hxg4 Bxb2 34. Rb1 Bc3
35. gxf5 Rf7 1/2-1/2

[Event "Hastings Masters"]
[Site "Hastings"]
[Date "2007.12.30"]
[Round "3.42"]
[White "Lenier, Jude"]
[Black "Snape, Ian"]
[Result "0-1"]
[WhiteElo "1819"]
[BlackElo "2230"]
[PlyCount "56"]
[EventDate "2007.12.28"]
[SourceDate "2007.12.28"]

1. e4 c5 2. Nf3 d6 3. d4 cxd4 4. Nxd4 Nf6 5. Nc3 g6 6. Be3 Bg7 7. f3 O-O 8. Bc4
Nc6 9. Qd2 Bd7 10. O-O-O Rb8 11. h4 b5 12. Bb3 Na5 13. h5 Nc4 14. Bxc4 bxc4 15.
hxg6 fxg6 16. Nce2 e5 17. Nf5 gxf5 18. Bh6 Rf7 19. Bxg7 Kxg7 20. Qg5+ Kh8 21.
Rh6 Qe7 22. Qg3 Rg8 23. Qh2 Rfg7 24. Nc3 Rxg2 25. Qh1 R2g6 26. Nd5 Nxd5 27.
exd5 f4 28. Kb1 Bf5 {remaining moves illegible} 0-1

[Event "Hastings Masters"]
[Site "Hastings"]
[Date "2007.12.30"]
[Round "3.43"]
[White "Jackson, Oliver"]
[Black "Quinn, Joseph"]
[Result "1-0"]
[WhiteElo "2219"]
[BlackElo "1758"]
[PlyCount "53"]
[EventDate "2007.12.28"]
[SourceDate "2007.12.28"]

1. e4 e5 2. f4 exf4 3. Nf3 g5 4. h4 g4 5. Ne5 Nf6 6. Nxg4 Nxe4 7. d3 Ng3 8.
Bxf4 Qe7+ 9. Be2 Qb4+ 10. Bd2 Qb6 11. Be3 Qxb2 12. Rh3 Qxa1 13. Rxg3 Be7 14.
Bg5 f6 15. Bd2 Qxa2 16. Re3 Kd8 17. Nh6 Bf8 18. Nc3 Bxh6 19. Nxa2 Bxe3 20. Bxe3
Nc6 21. Qa1 Ne5 22. Bg5 fxg5 23. Qxe5 Re8 24. Qxg5+ Re7 25. Nc3 c6 26. Ne4 a5
27. Nd6 1-0

[Event "Hastings Masters"]
[Site "Hastings"]
[Date "2007.12.30"]
[Round "3.44"]
[White "Guo, Xi-Yang"]
[Black "Milnes, Anthony CP"]
[Result "1/2-1/2"]
[WhiteElo "1853"]
[BlackElo "2126"]
[PlyCount "82"]
[EventDate "2007.12.28"]
[SourceDate "2007.12.28"]

1. e4 e6 2. a3 d5 3. e5 c5 4. b4 cxb4 5. axb4 Nc6 6. d4 Bxb4+ 7. c3 Bf8 8. Bd3
Nge7 9. Nh3 g6 10. Bg5 Bg7 11. Na3 O-O 12. Nc2 f6 13. exf6 Bxf6 14. Bxf6 Rxf6
15. f4 Bd7 16. Ne3 a6 17. g4 Rc8 18. g5 Rf8 19. Ng4 Nf5 20. Qe2 Nce7 21. Nf6+
Kh8 22. Qb2 Nd6 23. Nf2 Bb5 24. h4 Ng8 25. Nxg8 Kxg8 26. h5 Rxf4 27. Nh3 Rf3
28. Bxb5 axb5 29. Qe2 Rcxc3 30. Qxe6+ Nf7 31. Kd2 Qc8 32. Qxc8+ Rxc8 33. Ke2
Rfc3 34. hxg6 hxg6 35. Nf4 Nxg5 36. Nxd5 Rc2+ 37. Kd3 Kg7 38. Ra7 Rf2 39. Rxb7+
Rf7 40. Rxb5 {(=)} Rf3+ 41. Ne3 Re8 1/2-1/2

[Event "Hastings Masters"]
[Site "Hastings"]
[Date "2007.12.30"]
[Round "3.45"]
[White "Kreiter, Thomas"]
[Black "Canonne, Antoine"]
[Result "1/2-1/2"]
[WhiteElo "1749"]
[BlackElo "2059"]
[PlyCount "53"]
[EventDate "2007.12.28"]
[SourceDate "2007.12.28"]

1. d4 Nc6 2. Nf3 d5 3. c4 Bg4 4. cxd5 Bxf3 5. gxf3 Qxd5 6. e3 e5 7. Nc3 Bb4 8.
Bd2 Bxc3 9. bxc3 exd4 10. cxd4 Nf6 11. Bg2 O-O 12. O-O Qh5 13. Rb1 Rab8 14. f4
Qf5 15. Qa4 Ne4 16. Qc2 Rfe8 17. Rfc1 Qg6 18. Kf1 f5 19. Qb3+ Kh8 20. Be1 h6
21. d5 Nd8 22. Rxc7 Qd6 23. Rcc1 Nf7 24. Rc2 Red8 25. Bxe4 fxe4 26. Rd1 Qd7 27.
Rdc1 1/2-1/2

[Event "Hastings Masters"]
[Site "Hastings"]
[Date "2007.12.30"]
[Round "3.46"]
[White "Coates, David H"]
[Black "Rety, John"]
[Result "1-0"]
[WhiteElo "2029"]
[BlackElo "1970"]
[PlyCount "73"]
[EventDate "2007.12.28"]
[SourceDate "2007.12.28"]

1. e4 c5 2. Nf3 e6 3. d4 cxd4 4. Nxd4 a6 5. Bd3 Nc6 6. Nxc6 dxc6 7. O-O b5 8.
Be3 Bb7 9. c4 Be7 10. Qe2 Nf6 11. Rd1 Qc7 12. Nc3 O-O 13. f4 b4 14. Nb1 e5 15.
f5 c5 16. Nd2 Rfd8 17. Bf2 Rd7 18. Be3 Ne8 19. Nf1 Nf6 20. Rd2 a5 21. Rad1 Rad8
22. h3 Bc6 23. Bf2 Ba4 24. b3 Bc6 25. g4 Ne8 26. Ne3 Bg5 27. h4 Bf4 28. g5 f6
29. g6 h6 30. Nd5 Bxd5 31. cxd5 Bxd2 32. Rxd2 a4 33. Bb5 axb3 34. Bxd7 bxa2 35.
Be6+ Kh8 36. Rxa2 c4 37. Ra7 1-0

[Event "Hastings Masters"]
[Site "Hastings"]
[Date "2007.12.30"]
[Round "3.47"]
[White "Briscoe, Christopher"]
[Black "Lee, Jia Shen"]
[Result "1-0"]
[WhiteElo "2273"]
[BlackElo "1920"]
[PlyCount "111"]
[EventDate "2007.12.28"]
[SourceDate "2007.12.28"]

1. e4 e6 2. d4 d5 3. Nc3 Nf6 4. e5 Nfd7 5. f4 c5 6. Nf3 Nc6 7. Be3 cxd4 8. Nxd4
Bc5 9. Qd2 a6 10. O-O-O Nxd4 11. Bxd4 Qc7 12. h4 b5 13. Kb1 b4 14. Na4 Bxd4 15.
Qxd4 a5 16. h5 Ba6 17. f5 O-O 18. Bxa6 Rxa6 19. Rde1 Rc8 20. Re2 Qc4 21. Qxc4
Rxc4 22. fxe6 Rxe6 23. Rd1 Rh4 24. b3 f6 25. Rxd5 Rxe5 26. Red2 Rxd5 27. Rxd5
Ne5 28. Rxa5 Rxh5 29. Rb5 Rh4 30. c4 bxc3 31. Nxc3 Rh1+ 32. Kb2 Rg1 33. a4
Rxg2+ 34. Ka3 h5 35. a5 h4 36. a6 Nc6 37. Rh5 g5 38. b4 Rg3 39. Kb3 Na7 40. Kc4
Kg7 41. b5 Nxb5 42. Nxb5 Re3 43. a7 Re8 44. Nc7 Rc8 45. a8=Q Rxa8 46. Nxa8 Kg6
47. Rh8 Kf5 48. Kd3 Kg4 49. Ke2 Kg3 50. Kf1 h3 51. Nc7 g4 52. Kg1 f5 53. Ne6
Kf3 54. Ng5+ Kg3 55. Nxh3 gxh3 56. Rg8+ 1-0

[Event "Hastings Masters"]
[Site "Hastings"]
[Date "2007.12.30"]
[Round "3.48"]
[White "Norinkeviciute, Rasa"]
[Black "Ringor, Rodrigo"]
[Result "1-0"]
[WhiteElo "2064"]
[BlackElo "1848"]
[PlyCount "127"]
[EventDate "2007.12.28"]
[SourceDate "2007.12.28"]

1. c4 Nf6 2. g3 e5 3. Bg2 Bc5 4. Nc3 a6 5. a3 d6 6. e3 Nc6 7. Nge2 Bb6 8. b4
Be6 9. Nd5 Ba7 10. h3 Rb8 11. O-O Nd7 12. d4 Bxd5 13. Bxd5 Ne7 14. Bg2 O-O 15.
c5 d5 16. dxe5 Nxe5 17. Bb2 f6 18. Nf4 Qc8 19. Nxd5 Nxd5 20. Qxd5+ Nf7 21. Rad1
Rd8 22. Qc4 c6 23. Rxd8+ Qxd8 24. Bf3 Qe7 25. Rd1 f5 26. Qc3 Ng5 27. Bg2 Re8
28. Qd3 Ne6 29. Qxf5 Rf8 30. Qg4 Bb8 31. h4 Qf7 32. f4 h5 33. Qf3 Re8 34. e4
Bc7 35. Bf1 Nf8 36. Qd3 Qg6 37. e5 Qg4 38. Be2 Qh3 39. Qf3 g6 40. Qb3+ Kg7 41.
Bf1 Qg4 42. Bg2 Ne6 43. Qf3 Qf5 44. Kh2 Re7 45. Qd3 Qf7 46. Be4 Kh6 47. Qe3 Kh7
48. Rf1 Ng7 49. Qc3 Bxe5 50. Bxg6+ Qxg6 51. fxe5 Rd7 52. Rf6 Qe4 53. Rf2 Rd3
54. Qc1 Ne6 55. Qh1 Qg4 56. Qg2 Kg8 57. Qh3 Qg6 58. Bc1 Rc3 59. Bd2 Rd3 60. Bc1
Rc3 61. Bd2 Rd3 62. Bg5 Nxg5 63. hxg5 Qxg5 64. Qe6+ 1-0

[Event "Hastings Masters"]
[Site "Hastings"]
[Date "2007.12.30"]
[Round "3.50"]
[White "O'Toole, George E"]
[Black "Macrae, James"]
[Result "1-0"]
[WhiteElo "1987"]
[BlackElo "1766"]
[PlyCount "57"]
[EventDate "2007.12.28"]
[SourceDate "2007.12.28"]

1. e4 c6 2. c4 e5 3. Nf3 d6 4. Nc3 Nf6 5. d4 exd4 6. Qxd4 Qb6 7. Qxb6 axb6 8.
Bf4 Nh5 9. Be3 Nd7 10. O-O-O Be7 11. Be2 O-O 12. Nd4 Nhf6 13. g4 Nc5 14. f3 Rd8
15. h4 Na4 16. Nxa4 Rxa4 17. Kb1 d5 18. cxd5 Bc5 19. b3 Ra8 20. dxc6 Bxd4 21.
c7 Rd6 22. Rxd4 Rxd4 23. Bxd4 Nd7 24. Rd1 f6 25. f4 Kf7 26. Bb5 Nc5 27. Bxc5
bxc5 28. Rd8 Ke7 29. Bd7 1-0

[Event "Hastings Masters"]
[Site "Hastings"]
[Date "2007.12.30"]
[Round "3.51"]
[White "O'Neill, Tom"]
[Black "Spanton, Timothy"]
[Result "0-1"]
[WhiteElo "1551"]
[BlackElo "1985"]
[PlyCount "100"]
[EventDate "2007.12.28"]
[SourceDate "2007.12.28"]

1. e4 e5 2. Nf3 Nc6 3. Bb5 Nf6 4. O-O Nxe4 5. d4 Nd6 6. Bxc6 dxc6 7. dxe5 Nf5
8. Qxd8+ Kxd8 9. Bf4 Ke8 10. Nc3 Be7 11. Rfe1 h6 12. Ne4 Be6 13. b3 b6 14. Rad1
a5 15. h3 Rd8 16. g4 Nh4 17. Nxh4 Bxh4 18. Rxd8+ Bxd8 19. Bc1 h5 20. Ng5 hxg4
21. Nxe6 fxe6 22. hxg4 Rh4 23. f3 Be7 24. Re2 Bc5+ 25. Be3 Bxe3+ 26. Rxe3 c5
27. Re2 Kd7 28. c4 Rh8 29. Rh2 Rf8 30. Kf2 Ke7 31. Ke3 a4 32. g5 Kf7 33. Rd2
Ke7 34. f4 Rh8 35. Rf2 a3 36. Kf3 Rh1 37. Kg2 Rb1 38. g6 Rb2 39. Kf3 Kd7 40.
Ke3 Kc6 41. Rd2 Kb7 42. Kd3 Rb1 43. f5 exf5 44. e6 Re1 45. Re2 Rxe2 46. Kxe2
Kc6 47. e7 Kd7 48. e8=Q+ Kxe8 49. Ke3 Ke7 50. Kf4 Kf6 0-1